[Event "27. Int. Liechtenstein - OPEN "]
[Site "Triesen"]
[Date "2009.05.21"]
[Round "7.9"]
[White "Kranz, Armin"]
[Black "Csiba, Dominik"]
[Result "0-1"]
[WhiteElo "2142"]
[BlackElo "2377"]
[PlyCount "82"]
[EventDate "2009.05.15"]

1. d4 Nf6 2. Nf3 e6 3. c4 Bb4+ 4. Bd2 c5 5. e3 O-O 6. Bd3 d6 7. Qc2 Nc6 8. a3
Bxd2+ 9. Nbxd2 e5 10. d5 Ne7 11. h3 a6 12. g4 g6 13. Nh2 b5 14. b3 bxc4 15.
bxc4 Rb8 16. f3 Bd7 17. Ke2 Qa5 18. Rhb1 Ba4 19. Qc1 Qc7 20. Nhf1 h5 21. g5 Nh7
22. Ne4 Kg7 23. Qc3 Nf5 24. f4 Rfe8 25. Nfd2 Kg8 26. fxe5 Rxe5 27. Rxb8+ Qxb8
28. Nf3 Rxe4 29. Bxe4 Ng3+ 30. Kd3 Qe8 31. Nd2 Nxg5 32. Bg2 Bd7 33. Re1 Nxh3
34. Bxh3 Bxh3 35. e4 h4 36. Qf6 Qa4 37. Rb1 Bf1+ 38. Ke3 Qe8 39. Qxd6 Nf5+ 40.
Kf4 Nxd6 41. Rxf1 f6 0-1

[Event "27. Int. Liechtenstein - OPEN "]
[Site "Triesen"]
[Date "2009.05.21"]
[Round "7.10"]
[White "Goris, Ton"]
[Black "Hug, Marcel"]
[Result "0-1"]
[WhiteElo "2080"]
[BlackElo "2300"]
[PlyCount "94"]
[EventDate "2009.05.15"]

1. e4 e5 2. Nf3 d6 3. d4 exd4 4. Qxd4 a6 5. Bg5 Nc6 6. Bxd8 Nxd4 7. Nxd4 Kxd8
8. Bc4 Nh6 9. Nc3 c6 10. a4 g6 11. O-O Bg7 12. Rfd1 Kc7 13. a5 Re8 14. f3 f5
15. Bf1 Re7 16. Rab1 Bd7 17. exf5 Nxf5 18. Nxf5 gxf5 19. Rd3 Rae8 20. Kf2 d5
21. Ne2 Bh6 22. f4 Re4 23. g3 Bf8 24. c3 Ra4 25. b4 Ra2 26. Rbd1 b6 27. axb6+
Kxb6 28. R1d2 Ra3 29. Nd4 a5 30. Nc2 Ra2 31. bxa5+ Rxa5 32. Nd4 Bg7 33. Rb2+
Kc7 34. Bh3 Ra3 35. Rbd2 Rf8 36. Bg2 Kd6 37. Bf1 Rb8 38. Ke3 c5 39. Nxf5+ Bxf5
40. Rxd5+ Ke6 41. Rxc5 Bxc3 42. Bc4+ Ke7 43. Rc7+ Ke8 44. Ra2 Rxa2 45. Bxa2 Ba5
46. Rg7 Rb2 47. Bd5 Bb6+ 0-1

[Event "27. Int. Liechtenstein - OPEN "]
[Site "Triesen"]
[Date "2009.05.21"]
[Round "7.12"]
[White "Keller, Manfred"]
[Black "Mannhart, Marcel"]
[Result "1/2-1/2"]
[WhiteElo "2202"]
[BlackElo "2140"]
[PlyCount "41"]
[EventDate "2009.05.15"]

1. e4 g6 2. d4 Bg7 3. Nc3 c6 4. Nf3 d6 5. a4 Nh6 6. Bf4 f6 7. Bc4 e6 8. O-O Nf7
9. Re1 Qe7 10. e5 fxe5 11. dxe5 d5 12. Ba2 Na6 13. Qd2 Nc7 14. Rab1 a5 15. Ne2
Qb4 16. Qxb4 axb4 17. b3 Bh6 18. Bxh6 Nxh6 19. c3 Na6 20. Rbc1 O-O 21. Bb1
1/2-1/2

[Event "27. Int. Liechtenstein - OPEN "]
[Site "Triesen"]
[Date "2009.05.21"]
[Round "7.13"]
[White "Habibi, Ali"]
[Black "Frick, Renato"]
[Result "1/2-1/2"]
[WhiteElo "2290"]
[BlackElo "2103"]
[PlyCount "136"]
[EventDate "2009.05.15"]

1. Nf3 Nf6 2. h3 d5 3. c4 c5 4. g3 Nc6 5. Bg2 d4 6. d3 e5 7. O-O Bd6 8. Nbd2 h6
9. a3 a5 10. Ne1 Bd7 11. Nc2 Qc7 12. e4 g5 13. Re1 Ne7 14. Nf1 Ng6 15. Bd2 b5
16. b3 a4 17. b4 bxc4 18. dxc4 Be6 19. bxc5 Bxc5 20. Nb4 Bxc4 21. Rc1 Bb3 22.
Qf3 Nd7 23. Nd3 Qb6 24. Nxc5 Nxc5 25. Nh2 O-O 26. Qh5 Kg7 27. Bb4 Nd3 28. Bxf8+
Rxf8 29. h4 Nxe1 30. hxg5 hxg5 31. Rxe1 Qd8 32. Qe2 Qd6 33. Ra1 f6 34. Bf1 Rc8
35. Qf3 Rc3 36. Qh5 Ne7 37. Bb5 Bf7 38. Qd1 Bg6 39. f3 Rxa3 40. Rxa3 Qxa3 41.
Bxa4 Qe3+ 42. Kg2 Bf7 43. Ng4 Qa3 44. Nf2 Bc4 45. Bc2 Nc6 46. Ba4 Nb4 47. f4
Qe3 48. fxe5 Be2 49. exf6+ Kf8 50. Qb3 Bf3+ 51. Kh3 g4+ 52. Nxg4 Bxg4+ 53. Kxg4
Qxe4+ 54. Kg5 Qe5+ 55. Kg6 Qe4+ 56. Kh6 Qe3+ 57. Kh7 Qe4+ 58. Kh6 Qe3+ 59. Qxe3
dxe3 60. Bb5 Nd5 61. Kg6 Nc3 62. Ba6 e2 63. Bxe2 Nxe2 64. g4 Nd4 65. g5 Ne6 66.
Kf5 Nxg5 67. Kxg5 Kf7 68. Kf5 Kf8 1/2-1/2

[Event "27. Int. Liechtenstein - OPEN "]
[Site "Triesen"]
[Date "2009.05.21"]
[Round "7.14"]
[White "Bezler, Rainer"]
[Black "Kuhn, Thomas"]
[Result "1-0"]
[WhiteElo "2281"]
[BlackElo "2169"]
[PlyCount "42"]
[EventDate "2009.05.15"]

1. d4 d5 2. c4 e5 3. Nc3 exd4 4. Qxd4 Nc6 5. Qe3+ Nge7 6. cxd5 Nb4 7. Qd2 Nexd5
8. Nf3 Nxc3 9. bxc3 Qxd2+ 10. Kxd2 Nd5 11. e4 Nf6 12. Bd3 Bc5 13. Ke2 O-O 14.
Nd4 Re8 15. f3 Nd7 16. Nb5 Bb6 17. Be3 Ba5 18. Nxa7 Bxc3 19. Rac1 Be5 20. Rc2
f6 21. Rd1 Bxh2 1-0

[Event "27. Int. Liechtenstein - OPEN "]
[Site "Triesen"]
[Date "2009.05.21"]
[Round "7.15"]
[White "Vilerte, Tamara"]
[Black "Neuberger, Guido"]
[Result "0-1"]
[WhiteElo "2238"]
[BlackElo "2165"]
[PlyCount "70"]
[EventDate "2009.05.15"]

1. d4 d5 2. c4 Bf5 3. Nc3 e6 4. Qb3 Nc6 5. cxd5 exd5 6. e4 dxe4 7. d5 Nb4 8. a3
Nd3+ 9. Bxd3 exd3 10. Qxb7 Bd6 11. Nf3 Nf6 12. Qc6+ Nd7 13. O-O O-O 14. Qc4 Re8
15. Bf4 Nb6 16. Qd4 Bxf4 17. Qxf4 Bg6 18. Qd4 Qd6 19. Nh4 c5 20. Qg4 Nxd5 21.
Nxg6 Nxc3 22. bxc3 hxg6 23. Rfd1 d2 24. Qc4 Rad8 25. f4 Re3 26. Rab1 Qe7 27.
Qf1 Rxc3 28. Rb2 Rcd3 29. Qf2 Qd6 30. Rc2 Rd4 31. f5 g5 32. Qe3 g4 33. Rc3 c4
34. Qg3 Rf4 35. h3 f6 0-1

[Event "27. Int. Liechtenstein - OPEN "]
[Site "Triesen"]
[Date "2009.05.21"]
[Round "7.16"]
[White "Ballon, Guenther"]
[Black "Peredy, Ferenc"]
[Result "1/2-1/2"]
[WhiteElo "2166"]
[BlackElo "2234"]
[PlyCount "56"]
[EventDate "2009.05.15"]

1. d4 Nf6 2. c4 c5 3. d5 b5 4. cxb5 a6 5. bxa6 g6 6. Nc3 Bxa6 7. Nf3 d6 8. e4
Bxf1 9. Kxf1 Nbd7 10. g3 Bg7 11. Kg2 O-O 12. Re1 Ng4 13. h3 Nge5 14. Nxe5 Bxe5
15. Qc2 Qa5 16. Re2 Rfb8 17. f4 Bg7 18. Bd2 Qa6 19. Rae1 c4 20. Be3 Rb7 21. Qd1
Rab8 22. Bd4 Bxd4 23. Qxd4 Rxb2 24. e5 Nc5 25. Rxb2 Rxb2+ 26. Kg1 Nd3 27. Re4
Qc8 28. e6 Nc5 1/2-1/2

[Event "27. Int. Liechtenstein - OPEN "]
[Site "Triesen"]
[Date "2009.05.21"]
[Round "7.17"]
[White "Popa, Claudio"]
[Black "Illi, Hans-Joerg"]
[Result "1-0"]
[WhiteElo "2218"]
[BlackElo "2144"]
[PlyCount "68"]
[EventDate "2009.05.15"]

1. e4 c6 2. d4 d5 3. Nd2 dxe4 4. Nxe4 Nf6 5. Ng3 h5 6. h4 Bg4 7. Be2 e6 8. Bxg4
Nxg4 9. Nf3 Qc7 10. Qe2 Nd7 11. Bg5 g6 12. Qd2 Bg7 13. O-O-O b5 14. Nh2 Nxh2
15. Rxh2 O-O 16. Bh6 Bxh6 17. Qxh6 Nf6 18. Rh3 Ng4 19. Qd2 Nf6 20. Qg5 Kg7 21.
f3 Rad8 22. Ne4 Nh7 23. Qe3 Nf6 24. Nxf6 Kxf6 25. g4 Rh8 26. Rhh1 Kg7 27. g5
Rd5 28. f4 Rhd8 29. Rd2 Qd7 30. Rhd1 c5 31. dxc5 Qc6 32. Rxd5 exd5 33. b4 Kg8
34. Qe7 a6 1-0

[Event "27. Int. Liechtenstein - OPEN "]
[Site "Triesen"]
[Date "2009.05.21"]
[Round "7.18"]
[White "Poettinger, Harald"]
[Black "Kobler, Mario"]
[Result "1/2-1/2"]
[WhiteElo "2207"]
[BlackElo "2096"]
[PlyCount "138"]
[EventDate "2009.05.15"]

1. d4 Nf6 2. c4 g6 3. Nc3 d5 4. e3 Bg7 5. Qb3 c6 6. Nf3 O-O 7. cxd5 Nxd5 8. Be2
Nb6 9. O-O Be6 10. Qc2 a5 11. b3 Na6 12. a3 c5 13. Rd1 c4 14. bxc4 Bxc4 15.
Bxc4 Nxc4 16. Qb3 Nd6 17. e4 a4 18. Qxa4 e6 19. Bg5 Qb8 20. Qb3 Rc8 21. Bf4 Bf8
22. Nb5 Rc6 23. a4 Nc7 24. Nxd6 Bxd6 25. Bxd6 Rxd6 26. Rab1 Ra7 27. Rdc1 Ne8
28. Rc4 Qa8 29. Qc2 Rd8 30. h4 Nd6 31. Rcb4 Rc8 32. Qd3 Rxa4 33. Rb6 Ra3 34.
Qe2 Ra2 35. Qe1 Ra6 36. R6b3 Ra3 37. Rb4 Ra4 38. e5 Nf5 39. h5 Rxb4 40. Qxb4
Rc7 41. Qd2 Qd8 42. hxg6 hxg6 43. Qf4 Rd7 44. Rb4 Kg7 45. g4 Ne7 46. Qf6+ Kg8
47. Ng5 Nc6 48. Qxd8+ Nxd8 49. Nf3 Nc6 50. Rc4 Kf8 51. Kf1 Ke7 52. Ke2 Kd8 53.
Kd3 Kc7 54. Rc5 b6 55. Rc1 b5 56. Rd1 Kb6 57. Kc3 Ra7 58. Kb2 Ra4 59. Ng5 Rxd4
60. Rxd4 Nxd4 61. Nxf7 Nf3 62. Nd8 Nxe5 63. Nxe6 Nxg4 64. f4 Nf2 65. Kc3 Nh3
66. Kd3 b4 67. Kc4 Ka5 68. Kb3 Kb5 69. f5 gxf5 1/2-1/2

[Event "27. Int. Liechtenstein - OPEN "]
[Site "Triesen"]
[Date "2009.05.21"]
[Round "7.20"]
[White "Guller, Andras"]
[Black "Scheffknecht, Philipp"]
[Result "1/2-1/2"]
[WhiteElo "2080"]
[BlackElo "2191"]
[PlyCount "38"]
[EventDate "2009.05.15"]

1. e4 c5 2. Nf3 e6 3. d4 cxd4 4. Nxd4 a6 5. Nc3 Qc7 6. Bd3 Nf6 7. O-O d6 8. Kh1
Nbd7 9. f4 b5 10. Qe2 Bb7 11. Bd2 h5 12. a4 b4 13. Nd1 e5 14. Nf3 Nc5 15. Nf2
b3 16. fxe5 dxe5 17. Bc3 Bd6 18. Nd2 bxc2 19. Bxc2 Ncd7 1/2-1/2

[Event "27. Int. Liechtenstein - OPEN "]
[Site "Triesen"]
[Date "2009.05.22"]
[Round "8.1"]
[White "Farago, Ivan"]
[Black "Dgebuadze, Alexandre"]
[Result "1/2-1/2"]
[WhiteElo "2491"]
[BlackElo "2539"]
[PlyCount "36"]
[EventDate "2009.05.15"]

1. d4 d5 2. c4 e6 3. Nc3 c6 4. e3 f5 5. f4 Nf6 6. Nf3 Bd6 7. Bd3 O-O 8. O-O Ne4
9. Bd2 Nd7 10. Rb1 Ndf6 11. b4 Nxd2 12. Qxd2 dxc4 13. Bxc4 b5 14. Bd3 a5 15. a3
axb4 16. axb4 Qe7 17. Ne5 Bd7 18. Qb2 Ra6 1/2-1/2

[Event "27. Int. Liechtenstein - OPEN "]
[Site "Triesen"]
[Date "2009.05.22"]
[Round "8.2"]
[White "Hera, Imre Jr"]
[Black "Foisor, Cristina-Adela"]
[Result "1-0"]
[WhiteElo "2533"]
[BlackElo "2423"]
[PlyCount "79"]
[EventDate "2009.05.15"]

1. Nf3 g6 2. d4 Bg7 3. c4 d6 4. Nc3 Nd7 5. e4 e5 6. Be2 Nh6 7. h4 f6 8. h5 g5
9. dxe5 dxe5 10. Be3 c6 11. b4 Qe7 12. c5 O-O 13. O-O Re8 14. Nd2 Nf8 15. Nc4
Be6 16. b5 Nf7 17. bxc6 bxc6 18. Qa4 Qc7 19. Rab1 Nd7 20. Na5 Nd8 21. Nc4 Nf7
22. Na5 Nd8 23. Bc4 Bf8 24. Nd5 cxd5 25. exd5 Nxc5 26. Qxe8 Qf7 27. Qxf7+ Bxf7
28. Rfc1 Ne4 29. Nc6 a5 30. Rb8 Rxb8 31. Nxb8 Nd6 32. Bb3 Bxh5 33. Bb6 N8b7 34.
Nc6 e4 35. Nxa5 Nxa5 36. Bxa5 f5 37. Bb4 Be8 38. a4 f4 39. a5 Bb5 40. a6 1-0

[Event "27. Int. Liechtenstein - OPEN "]
[Site "Triesen"]
[Date "2009.05.22"]
[Round "8.3"]
[White "Bogner, Sebastian"]
[Black "Kohlweyer, Bernd"]
[Result "1-0"]
[WhiteElo "2511"]
[BlackElo "2435"]
[PlyCount "81"]
[EventDate "2009.05.15"]

1. d4 Nf6 2. c4 e6 3. Nf3 d5 4. g3 dxc4 5. Bg2 Nc6 6. Qa4 Bb4+ 7. Bd2 Bd6 8.
O-O O-O 9. Bc3 Nd7 10. Qxc4 e5 11. d5 Ne7 12. Rd1 a6 13. e4 f6 14. Qe2 b5 15.
Ba5 Nc5 16. Nbd2 Nb7 17. Nb3 Nxa5 18. Nxa5 Bg4 19. h3 Bh5 20. Rac1 Qb8 21. a3
Qb6 22. b4 f5 23. Nb3 fxe4 24. Qxe4 Rf7 25. Nc5 Bxf3 26. Bxf3 a5 27. Bg4 Kh8
28. Be6 Rf6 29. Rc2 axb4 30. axb4 Ra3 31. Kg2 Qa7 32. Rd3 Ng6 33. Qe3 Ra1 34.
Nd7 Qxe3 35. Rxe3 Rb1 36. Ra2 h5 37. Ra8+ Kh7 38. Nxf6+ gxf6 39. Rf3 Be7 40.
Rf5 Kh6 41. Rg8 1-0

[Event "27. Int. Liechtenstein - OPEN "]
[Site "Triesen"]
[Date "2009.05.22"]
[Round "8.5"]
[White "Van Der Weide, Karel"]
[Black "Siebrecht, Sebastian"]
[Result "0-1"]
[WhiteElo "2497"]
[BlackElo "2433"]
[PlyCount "50"]
[EventDate "2009.05.15"]

1. e4 c5 2. Nf3 e6 3. d4 cxd4 4. Nxd4 a6 5. Nc3 Qc7 6. Bd3 Nf6 7. Qe2 Bd6 8.
Ndb5 axb5 9. Nxb5 Qa5+ 10. Bd2 Bb4 11. Bxb4 Qxb4+ 12. c3 Qc5 13. e5 Nd5 14.
Nd6+ Kf8 15. Qf3 f5 16. Bxf5 Nf6 17. O-O-O Qxe5 18. Rhe1 Qc5 19. b4 Qa7 20. Rd2
Nc6 21. g4 Qa3+ 22. Kb1 Nxb4 23. g5 Nxa2 24. Nb5 Qa5 25. Re5 Nb4 0-1

[Event "27. Int. Liechtenstein - OPEN "]
[Site "Triesen"]
[Date "2009.05.22"]
[Round "8.6"]
[White "Hug, Marcel"]
[Black "Hirneise, Tobias"]
[Result "1/2-1/2"]
[WhiteElo "2300"]
[BlackElo "2407"]
[PlyCount "48"]
[EventDate "2009.05.15"]

1. e4 c5 2. Nc3 Nc6 3. g3 g6 4. Bg2 Bg7 5. d3 d6 6. f4 e6 7. Nf3 Nge7 8. O-O
O-O 9. Be3 Rb8 10. Qd2 Nd4 11. h3 Nec6 12. g4 Nxf3+ 13. Rxf3 Nd4 14. Rf2 f5 15.
gxf5 exf5 16. Rff1 Be6 17. Nd1 Qd7 18. c3 Nc6 19. Nf2 Rbe8 20. Kh2 b6 21. d4
cxd4 22. cxd4 d5 23. e5 Rc8 24. Rfc1 Na5 1/2-1/2

[Event "27. Int. Liechtenstein - OPEN "]
[Site "Triesen"]
[Date "2009.05.22"]
[Round "8.7"]
[White "Csiba, Dominik"]
[Black "Raykhman, Alexander"]
[Result "1/2-1/2"]
[WhiteElo "2377"]
[BlackElo "2297"]
[PlyCount "91"]
[EventDate "2009.05.15"]

1. e4 c5 2. Nf3 d6 3. d4 Nf6 4. Nc3 cxd4 5. Nxd4 a6 6. Be3 e6 7. Be2 Nbd7 8. g4
h6 9. h4 b5 10. a4 b4 11. Nc6 Qc7 12. Nxb4 d5 13. Nbxd5 exd5 14. Nxd5 Nxd5 15.
exd5 Bc5 16. Qd2 Bxe3 17. Qxe3+ Qe5 18. O-O-O Qxe3+ 19. fxe3 O-O 20. Rd4 Re8
21. Kd2 Nc5 22. Bf3 Rb8 23. Rb1 a5 24. b4 axb4 25. Rdxb4 Rxb4 26. Rxb4 Bd7 27.
Rc4 Nxa4 28. Rc7 Nb6 29. c4 Rc8 30. Rxc8+ Bxc8 31. Kc3 Kf8 32. Kd4 Nd7 33. g5
Ke7 34. c5 f6 35. gxh6 gxh6 36. Bg4 Kd8 37. c6 Ne5 38. Bxc8 Kxc8 39. Ke4 Ng6
40. h5 Ne7 41. d6 Nxc6 42. Kf5 Kd7 43. Kxf6 Kxd6 44. Kg6 Ke6 45. Kxh6 Kf6 46.
Kh7 1/2-1/2

[Event "27. Int. Liechtenstein - OPEN "]
[Site "Triesen"]
[Date "2009.05.22"]
[Round "8.8"]
[White "Benes, Petr"]
[Black "Pribyl, Josef"]
[Result "0-1"]
[WhiteElo "2166"]
[BlackElo "2346"]
[PlyCount "62"]
[EventDate "2009.05.15"]

1. b3 e5 2. Bb2 Nc6 3. e3 d6 4. Bb5 Bd7 5. Nf3 a6 6. Bxc6 Bxc6 7. d4 e4 8. Nfd2
Qg5 9. Kf1 f5 10. c4 Nf6 11. d5 Bd7 12. Nc3 Be7 13. Ne2 Qh6 14. h4 Ng4 15. Kg1
O-O 16. h5 Bg5 17. Bd4 c5 18. dxc6 bxc6 19. c5 d5 20. Nf1 a5 21. Rh3 Bc8 22.
Qd2 Ba6 23. Nf4 a4 24. bxa4 Bc4 25. a5 Rfb8 26. Ng3 Bxf4 27. exf4 Qe6 28. Nf1
Rb5 29. Ra3 Qf7 30. a6 Qxh5 31. Ng3 Qh2# 0-1

[Event "27. Int. Liechtenstein - OPEN "]
[Site "Triesen"]
[Date "2009.05.22"]
[Round "8.10"]
[White "Bruehl, Andreas"]
[Black "Neuberger, Guido"]
[Result "1-0"]
[WhiteElo "2365"]
[BlackElo "2165"]
[PlyCount "103"]
[EventDate "2009.05.15"]

1. d4 d5 2. c4 Bf5 3. cxd5 Bxb1 4. Qa4+ c6 5. dxc6 Nxc6 6. Rxb1 e5 7. a3 exd4
8. Nf3 Bc5 9. g3 Nf6 10. Bg2 O-O 11. Qb5 Bb6 12. O-O Re8 13. Qd3 Qe7 14. Re1
Rad8 15. b4 Ng4 16. Bb2 Qf6 17. Rf1 Qh6 18. h3 Nge5 19. Nxe5 Nxe5 20. Qf5 g6
21. Qf4 Qxf4 22. gxf4 Nc4 23. Rfe1 d3 24. e3 Rd7 25. Red1 Bxe3 26. fxe3 Nxe3
27. Rd2 Nc4 28. Rbd1 Nxd2 29. Rxd2 Re2 30. Bc3 b6 31. Bf3 Rxd2 32. Bxd2 Rc7 33.
Bd1 a5 34. bxa5 bxa5 35. Kf2 Re7 36. Bxa5 h6 37. a4 g5 38. Bd2 gxf4 39. Bxf4
Re4 40. Bxh6 Rh4 41. Bd2 Rxh3 42. a5 Rh1 43. Bf3 Ra1 44. Bb7 Kf8 45. a6 Ke7 46.
Bf4 Ra2+ 47. Ke3 d2 48. Ke2 f5 49. Bb8 f4 50. a7 Ra3 51. a8=Q Rd3 52. Kd1 1-0

[Event "27. Int. Liechtenstein - OPEN "]
[Site "Triesen"]
[Date "2009.05.22"]
[Round "8.11"]
[White "Frick, Renato"]
[Black "Bezler, Rainer"]
[Result "0-1"]
[WhiteElo "2103"]
[BlackElo "2281"]
[PlyCount "52"]
[EventDate "2009.05.15"]

1. e4 c5 2. Nf3 d6 3. d4 cxd4 4. Nxd4 Nf6 5. Nc3 g6 6. Be3 Bg7 7. f3 O-O 8. Bc4
Nc6 9. Bb3 Bd7 10. Qd2 Qa5 11. O-O-O Rfc8 12. Kb1 Ne5 13. g4 Nc4 14. Bxc4 Rxc4
15. Nb3 Qd8 16. h4 a5 17. Qd3 Rac8 18. a3 a4 19. Nd2 Rxc3 20. bxc3 Nxg4 21. c4
Nxe3 22. Qxe3 Qa5 23. h5 b5 24. h6 Bc3 25. Rh5 gxh5 26. e5 Bxe5 0-1

[Event "27. Int. Liechtenstein - OPEN "]
[Site "Triesen"]
[Date "2009.05.22"]
[Round "8.12"]
[White "Mannhart, Marcel"]
[Black "Popa, Claudio"]
[Result "1/2-1/2"]
[WhiteElo "2140"]
[BlackElo "2218"]
[PlyCount "36"]
[EventDate "2009.05.15"]

1. Nc3 d5 2. e4 d4 3. Nce2 e5 4. Ng3 Be6 5. Nf3 Nd7 6. c3 c5 7. Bb5 f6 8. Qe2
Ne7 9. Bc4 Qb6 10. O-O Ng6 11. Bxe6 Qxe6 12. d3 Bd6 13. Nf5 O-O 14. g3 Rfc8 15.
c4 Bf8 16. Nd2 Ne7 17. Nxe7+ Bxe7 18. b3 a6 1/2-1/2

[Event "27. Int. Liechtenstein - OPEN "]
[Site "Triesen"]
[Date "2009.05.22"]
[Round "8.14"]
[White "Huber, Silvan"]
[Black "Habibi, Ali"]
[Result "0-1"]
[WhiteElo "2130"]
[BlackElo "2290"]
[PlyCount "100"]
[EventDate "2009.05.15"]

1. e4 d6 2. d4 Nf6 3. Nc3 g6 4. f4 Bg7 5. Nf3 O-O 6. Bc4 e6 7. Bb3 a5 8. a3 d5
9. e5 Nfd7 10. Ne2 c5 11. c3 b5 12. h4 Nc6 13. h5 Re8 14. hxg6 hxg6 15. Bc2
cxd4 16. Nexd4 Nxd4 17. cxd4 Nf8 18. Nh4 Re7 19. g4 Ra6 20. Qe2 Rc6 21. Bd3 Rc4
22. Bxc4 dxc4 23. Nf3 Bb7 24. Be3 Rc7 25. Rc1 Bd5 26. Qf2 Qa8 27. O-O f6 28. b3
Rf7 29. bxc4 Bxc4 30. Rfd1 Bd5 31. Ne1 fxe5 32. dxe5 Bxe5 33. Qd2 Bd6 34. Rc2
Bxa3 35. Qd3 Bd6 36. Qxb5 Bxf4 37. Bxf4 Rxf4 38. Qe2 Qa7+ 39. Kh2 Bb3 40. Ng2
Rf7 41. Rdc1 Rh7+ 42. Kg3 Qb8+ 43. Kf2 Bxc2 44. Rxc2 Rh3 45. Ke1 Qb4+ 46. Rd2
a4 47. Qe5 a3 48. Nf4 Rh1+ 49. Ke2 Rh2+ 50. Kf3 Qxd2 0-1

[Event "27. Int. Liechtenstein - OPEN "]
[Site "Triesen"]
[Date "2009.05.22"]
[Round "8.17"]
[White "Goris, Ton"]
[Black "Poettinger, Harald"]
[Result "1/2-1/2"]
[WhiteElo "2080"]
[BlackElo "2207"]
[PlyCount "28"]
[EventDate "2009.05.15"]

1. e4 c6 2. d4 d5 3. e5 c5 4. dxc5 e6 5. Be3 Nh6 6. Bd3 Nd7 7. Nf3 Qc7 8. O-O
Bxc5 9. Bxc5 Nxc5 10. Re1 Qb6 11. Nc3 Bd7 12. Rb1 Rc8 13. Bf1 O-O 14. Nd4 a6
1/2-1/2

[Event "27. Int. Liechtenstein - OPEN "]
[Site "Triesen"]
[Date "2009.05.22"]
[Round "8.18"]
[White "Mayr, Manfred"]
[Black "Scheffknecht, Philipp"]
[Result "0-1"]
[WhiteElo "2080"]
[BlackElo "2191"]
[PlyCount "96"]
[EventDate "2009.05.15"]

1. Nf3 c5 2. d3 d6 3. g3 b6 4. Bg2 Bb7 5. e4 Nd7 6. O-O Ngf6 7. Re1 Rc8 8. Nbd2
g6 9. c3 Bg7 10. Rb1 O-O 11. Qc2 Qc7 12. Bh3 e6 13. Bg2 Rfd8 14. Nf1 Qb8 15.
Bg5 Qa8 16. N1d2 h6 17. Bf4 e5 18. Be3 Ng4 19. c4 Rc7 20. h3 Nxe3 21. Rxe3 h5
22. Ree1 Bh6 23. Nf1 Nf8 24. Qe2 Ne6 25. Rbd1 Nd4 26. Nxd4 cxd4 27. Nh2 f5 28.
Bf3 f4 29. g4 hxg4 30. Nxg4 Bg5 31. Kg2 Rh7 32. Rh1 Rh4 33. b4 Bc8 34. a4 Kg7
35. Qc2 Qc6 36. Rc1 Be7 37. Qa2 Be6 38. Ra1 Rdh8 39. b5 Qc8 40. a5 R8h7 41. Rh2
Bxg4 42. Bxg4 Rxg4+ 43. Kf3 Rgh4 44. axb6 Rxh3+ 45. Rxh3 Rxh3+ 46. Ke2 Qg4+ 47.
Kd2 Qf3 48. Kc2 Qxd3+ 0-1

[Event "27. Int. Liechtenstein - OPEN "]
[Site "Triesen"]
[Date "2009.05.22"]
[Round "8.19"]
[White "Mader, Manuela"]
[Black "Mertens, Klaus"]
[Result "0-1"]
[WhiteElo "2186"]
[BlackElo "2075"]
[PlyCount "116"]
[EventDate "2009.05.15"]

1. e4 c5 2. c3 d5 3. exd5 Qxd5 4. d4 Nc6 5. Nf3 e6 6. Be3 cxd4 7. cxd4 Nf6 8.
a3 Qd8 9. Nc3 Be7 10. Bd3 O-O 11. Qc2 h6 12. O-O Bd7 13. Rad1 Rc8 14. Qd2 Nd5
15. Rfe1 Nxe3 16. fxe3 Bf6 17. Ne4 Qe7 18. Bb1 g6 19. Nxf6+ Qxf6 20. e4 Kh7 21.
h4 Rfd8 22. Rf1 Qg7 23. Qe1 Be8 24. Qf2 a6 25. h5 g5 26. d5 Ne5 27. Nd4 Bd7 28.
Ba2 Re8 29. dxe6 fxe6 30. Nxe6 Bxe6 31. Bxe6 Rc7 32. Qf5+ Kh8 33. Bb3 Rc6 34.
Rd2 Qe7 35. Kh1 Kg7 36. Bd5 Rd6 37. Rc2 b6 38. Rc8 Rdd8 39. Rfc1 Rxc8 40. Rxc8
Rxc8 41. Qxc8 g4 42. Qg8+ Kf6 43. b4 a5 44. g3 axb4 45. axb4 Nd3 46. Kg2 Nxb4
47. Qg6+ Ke5 48. Qf5+ Kd4 49. Qf2+ Kd3 50. Qf1+ Kd2 51. Qf4+ Kc3 52. Qxg4 Nd3
53. Qc8+ Kd2 54. Qf5 b5 55. Qg6 Qf8 56. Qf7 Qc5 57. Qf6 Qe3 58. Qf3 Ne1+ 0-1

[Event "27. Int. Liechtenstein - OPEN "]
[Site "Triesen"]
[Date "2009.05.22"]
[Round "8.20"]
[White "Gorse, Gerard"]
[Black "Van Heirzeele, Daniel"]
[Result "1/2-1/2"]
[WhiteElo "2034"]
[BlackElo "2177"]
[PlyCount "36"]
[EventDate "2009.05.15"]

1. d4 Nf6 2. c4 e6 3. g3 c5 4. Nf3 cxd4 5. Nxd4 d5 6. Bg2 e5 7. Nf3 d4 8. O-O
Nc6 9. e3 d3 10. Nc3 Bb4 11. Bd2 O-O 12. Nd5 Nxd5 13. cxd5 Qxd5 14. Nd4 Qd6 15.
Nxc6 Bxd2 16. Nxe5 Qxe5 17. Qxd2 Rd8 18. Rac1 Bg4 1/2-1/2

[Event "27. Int. Liechtenstein - OPEN "]
[Site "Triesen"]
[Date "2009.05.23"]
[Round "9.3"]
[White "Siebrecht, Sebastian"]
[Black "Farago, Ivan"]
[Result "1/2-1/2"]
[WhiteElo "2433"]
[BlackElo "2491"]
[PlyCount "22"]
[EventDate "2009.05.15"]

1. Nf3 Nf6 2. c4 c5 3. Nc3 Nc6 4. g3 d5 5. d4 e6 6. cxd5 Nxd5 7. Bg2 cxd4 8.
Nxd4 Nxc3 9. bxc3 Nxd4 10. Qxd4 Qxd4 11. cxd4 Bd6 1/2-1/2

[Event "27. Int. Liechtenstein - OPEN "]
[Site "Triesen"]
[Date "2009.05.23"]
[Round "9.4"]
[White "Pribyl, Josef"]
[Black "Kohlweyer, Bernd"]
[Result "1/2-1/2"]
[WhiteElo "2346"]
[BlackElo "2435"]
[PlyCount "25"]
[EventDate "2009.05.15"]

1. Nf3 Nf6 2. g3 g6 3. b3 Bg7 4. Bb2 d6 5. d4 c5 6. dxc5 Qa5+ 7. Nbd2 Qxc5 8.
h3 b5 9. Bg2 Bb7 10. O-O O-O 11. c4 b4 12. e3 Na6 13. Ne1 1/2-1/2

[Event "27. Int. Liechtenstein - OPEN "]
[Site "Triesen"]
[Date "2009.05.23"]
[Round "9.5"]
[White "Foisor, Cristina-Adela"]
[Black "Hug, Marcel"]
[Result "1-0"]
[WhiteElo "2423"]
[BlackElo "2300"]
[PlyCount "79"]
[EventDate "2009.05.15"]

1. c4 Nf6 2. g3 g6 3. Bg2 Bg7 4. Nc3 O-O 5. Nf3 d6 6. d4 c6 7. O-O Bf5 8. b3
Ne4 9. Bb2 Nxc3 10. Bxc3 Be4 11. e3 Nd7 12. Qe2 a5 13. Rfc1 e6 14. Qf1 Bxf3 15.
Bxf3 d5 16. e4 Nf6 17. Qd3 dxe4 18. Bxe4 Nxe4 19. Qxe4 Qd6 20. Rc2 Rfd8 21. Rd1
Qa3 22. Rd3 Rd7 23. Qe2 h5 24. Kg2 b6 25. Qe4 Qd6 26. Rcd2 Rad8 27. g4 hxg4 28.
Qxg4 Bh6 29. Re2 Qf4 30. Qxf4 Bxf4 31. Rh3 Rxd4 32. Re4 e5 33. Bxd4 Rxd4 34.
Rxd4 exd4 35. Kf3 Bd6 36. Ke4 Bc5 37. f4 Kg7 38. Ke5 Kf8 39. f5 gxf5 40. Kxf5
1-0

[Event "27. Int. Liechtenstein - OPEN "]
[Site "Triesen"]
[Date "2009.05.23"]
[Round "9.7"]
[White "Hirneise, Tobias"]
[Black "Csiba, Dominik"]
[Result "1/2-1/2"]
[WhiteElo "2407"]
[BlackElo "2377"]
[PlyCount "77"]
[EventDate "2009.05.15"]

1. d4 Nf6 2. c4 g6 3. Nc3 Bg7 4. e4 d6 5. Nf3 O-O 6. Be2 e5 7. Be3 Ng4 8. Bg5
f6 9. Bc1 exd4 10. Nxd4 f5 11. h3 Nh6 12. Bxh6 Bxh6 13. exf5 gxf5 14. O-O c6
15. Qc2 Na6 16. Rad1 Qf6 17. Rfe1 Bd7 18. Bf3 Rae8 19. Rxe8 Rxe8 20. a3 Bf4 21.
Nde2 Be5 22. Bh5 Re6 23. f4 Bxc3 24. Qxc3 Nc5 25. Qxf6 Rxf6 26. b4 Ne4 27. Bf3
Kf7 28. g4 Ke7 29. Bxe4 fxe4 30. Rd4 Re6 31. Ng3 e3 32. Nf5+ Kf6 33. Kf1 h5 34.
Ke2 hxg4 35. hxg4 d5 36. Nxe3 Re4 37. Rxe4 dxe4 38. Kd2 b6 39. c5 1/2-1/2

[Event "27. Int. Liechtenstein - OPEN "]
[Site "Triesen"]
[Date "2009.05.23"]
[Round "9.9"]
[White "Simon, Peter"]
[Black "Van Der Weide, Karel"]
[Result "0-1"]
[WhiteElo "2163"]
[BlackElo "2497"]
[PlyCount "66"]
[EventDate "2009.05.15"]

1. d4 Nf6 2. c4 g6 3. Nf3 Bg7 4. g3 O-O 5. Bg2 d6 6. O-O Nbd7 7. Qc2 e5 8. Rd1
Re8 9. e4 exd4 10. Nxd4 Qe7 11. Nc3 c6 12. b3 Nc5 13. f3 Nfd7 14. Bf4 Ne5 15.
Rac1 h5 16. Qe2 a5 17. Be3 f5 18. h3 fxe4 19. fxe4 a4 20. b4 Ne6 21. Nxe6 Bxe6
22. c5 dxc5 23. Bxc5 Qg5 24. Qe3 Qxe3+ 25. Bxe3 a3 26. b5 Red8 27. bxc6 bxc6
28. Rxd8+ Rxd8 29. Bf1 Nd3 30. Rc2 Nb4 31. Rc1 Nxa2 32. Nxa2 Bxa2 33. Rxc6 Bf7
0-1